<?xml version="1.0" encoding="UTF-8"?>
<record
    xmlns:xsi="http://www.w3.org/2001/XMLSchema-instance"
    xsi:schemaLocation="http://www.loc.gov/MARC21/slim http://www.loc.gov/standards/marcxml/schema/MARC21slim.xsd"
    xmlns="http://www.loc.gov/MARC21/slim">

  <leader>01839nam a2200325 i 4500</leader>
  <controlfield tag="003">DO-SdBNP</controlfield>
  <controlfield tag="005">20230914112020.0</controlfield>
  <controlfield tag="007">ta</controlfield>
  <controlfield tag="008">150114s2022    dr ad         000 0 spa d</controlfield>
  <datafield tag="040" ind1=" " ind2=" ">
    <subfield code="a">DO-SdBNP</subfield>
    <subfield code="b">spa</subfield>
    <subfield code="c">BNPHU</subfield>
    <subfield code="e">rda</subfield>
  </datafield>
  <datafield tag="082" ind1=" " ind2=" ">
    <subfield code="2">22</subfield>
    <subfield code="b">G943</subfield>
  </datafield>
  <datafield tag="110" ind1="1" ind2=" ">
    <subfield code="a">Federaci&#xF3;n Dominicana de Municipios (FEDOMU)</subfield>
    <subfield code="9">84131</subfield>
  </datafield>
  <datafield tag="245" ind1="1" ind2="0">
    <subfield code="a">Gu&#xED;a para realizaci&#xF3;n de estudios de caracterizaci&#xF3;n de residuos s&#xF3;lidos municipales /</subfield>
    <subfield code="c">elaboraci&#xF3;n Mariely Ponciano, Indhira de Jes&#xFA;s, Rosaura Pimentel, Beatriz Alc&#xE1;ntara</subfield>
  </datafield>
  <datafield tag="264" ind1=" " ind2=" ">
    <subfield code="a">Santo Domingo :</subfield>
    <subfield code="b">FEDOMU,</subfield>
    <subfield code="b">FAMSI,</subfield>
    <subfield code="c">2022.</subfield>
  </datafield>
  <datafield tag="300" ind1=" " ind2=" ">
    <subfield code="a">90 p&#xE1;ginas</subfield>
    <subfield code="b">ilustraciones, gr&#xE1;ficos </subfield>
    <subfield code="c">28 cm.</subfield>
  </datafield>
  <datafield tag="336" ind1=" " ind2=" ">
    <subfield code="2">rdacontent</subfield>
    <subfield code="a">texto</subfield>
    <subfield code="b">txt</subfield>
  </datafield>
  <datafield tag="337" ind1=" " ind2=" ">
    <subfield code="2">rdamedia</subfield>
    <subfield code="a">sin mediaci&#xF3;n </subfield>
    <subfield code="b">n</subfield>
  </datafield>
  <datafield tag="338" ind1=" " ind2=" ">
    <subfield code="2">rdacarrier</subfield>
    <subfield code="a">volumen</subfield>
    <subfield code="b">nc</subfield>
  </datafield>
  <datafield tag="500" ind1=" " ind2=" ">
    <subfield code="a">Incluye glosario de siglas, &#xED;ndice de tablas, &#xED;ndice de figuras. </subfield>
  </datafield>
  <datafield tag="504" ind1=" " ind2=" ">
    <subfield code="a">Bibliograf&#xED;a p: 65</subfield>
  </datafield>
  <datafield tag="505" ind1=" " ind2=" ">
    <subfield code="t">Glosario de siglas --</subfield>
    <subfield code="g">Capitulo I. --</subfield>
    <subfield code="t">Introducci&#xF3;n --</subfield>
    <subfield code="g">Capitulo II. --</subfield>
    <subfield code="t">Antecedentes --</subfield>
    <subfield code="g">Capitulo III. --</subfield>
    <subfield code="t">Competencias institucionales en la gesti&#xF3;n de residuos --</subfield>
    <subfield code="g">Capitulo IV. --</subfield>
    <subfield code="t">Conceptos y definiciones claves --</subfield>
    <subfield code="g">Capitulo V. --</subfield>
    <subfield code="t">Estudio de caracterizaci&#xF3;n de residuos s&#xF3;lidos --</subfield>
    <subfield code="g">Capitulo IV. --</subfield>
    <subfield code="t">Etapas del estudio de caracterizaci&#xF3;n --</subfield>
    <subfield code="g">Capitulo VII. --</subfield>
    <subfield code="t">Ejemplo --</subfield>
    <subfield code="g">Capitulo VIII. --</subfield>
    <subfield code="t">Conclusiones --</subfield>
    <subfield code="g">Capitulo IX. --</subfield>
    <subfield code="t">Bibliograf&#xED;a --</subfield>
    <subfield code="g">&#xCD;ndice de tablas --</subfield>
    <subfield code="g">&#xCD;ndice de figuras --</subfield>
  </datafield>
  <datafield tag="590" ind1=" " ind2=" ">
    <subfield code="a">Inventariado, 2023/ YL</subfield>
  </datafield>
  <datafield tag="700" ind1="1" ind2=" ">
    <subfield code="a">Ponciano, Mariely</subfield>
    <subfield code="e">elaboraci&#xF3;n y redacci&#xF3;n </subfield>
    <subfield code="9">83859</subfield>
  </datafield>
  <datafield tag="700" ind1="1" ind2=" ">
    <subfield code="a">De Jes&#xFA;s, Indhira</subfield>
    <subfield code="e">elaboraci&#xF3;n y redacci&#xF3;n</subfield>
    <subfield code="9">84132</subfield>
  </datafield>
  <datafield tag="700" ind1="1" ind2=" ">
    <subfield code="a">Pimentel, Rosaura</subfield>
    <subfield code="e">elaboraci&#xF3;n y redacci&#xF3;n</subfield>
    <subfield code="9">84133</subfield>
  </datafield>
  <datafield tag="700" ind1="1" ind2=" ">
    <subfield code="a">Alc&#xE1;ntara, Beatriz</subfield>
    <subfield code="e">elaboraci&#xF3;n y redacci&#xF3;n</subfield>
    <subfield code="9">84134</subfield>
  </datafield>
  <datafield tag="710" ind1=" " ind2=" ">
    <subfield code="a">Fondo Andaluz de Municipios para la Solidaridad Internacional (FAMSI)</subfield>
    <subfield code="9">84135</subfield>
  </datafield>
  <datafield tag="910" ind1=" " ind2=" ">
    <subfield code="a">YLockward</subfield>
  </datafield>
  <datafield tag="942" ind1=" " ind2=" ">
    <subfield code="2">ddc</subfield>
    <subfield code="c">LBS1</subfield>
  </datafield>
  <datafield tag="952" ind1=" " ind2=" ">
    <subfield code="0">0</subfield>
    <subfield code="1">0</subfield>
    <subfield code="2">ddc</subfield>
    <subfield code="5">1</subfield>
    <subfield code="7">0</subfield>
    <subfield code="8">PD</subfield>
    <subfield code="a">BNPHU</subfield>
    <subfield code="b">BNPHU</subfield>
    <subfield code="c">CT</subfield>
    <subfield code="d">2023-01-23</subfield>
    <subfield code="e">Dep&#xF3;sito Legal</subfield>
    <subfield code="l">0</subfield>
    <subfield code="o">BNPHU PD G943 </subfield>
    <subfield code="p">2023-5883</subfield>
    <subfield code="r">2023-09-14</subfield>
    <subfield code="w">2023-09-14</subfield>
    <subfield code="y">LBS1</subfield>
  </datafield>
  <datafield tag="952" ind1=" " ind2=" ">
    <subfield code="0">0</subfield>
    <subfield code="1">0</subfield>
    <subfield code="2">ddc</subfield>
    <subfield code="5">1</subfield>
    <subfield code="7">0</subfield>
    <subfield code="8">PD</subfield>
    <subfield code="a">BNPHU</subfield>
    <subfield code="b">BNPHU</subfield>
    <subfield code="c">CT</subfield>
    <subfield code="d">2023-01-23</subfield>
    <subfield code="e">Dep&#xF3;sito Legal</subfield>
    <subfield code="l">0</subfield>
    <subfield code="o">BNPHU PD G943</subfield>
    <subfield code="p">2023-5884</subfield>
    <subfield code="r">2023-09-14</subfield>
    <subfield code="t">e. 2</subfield>
    <subfield code="w">2023-09-14</subfield>
    <subfield code="y">LBS1</subfield>
  </datafield>
  <datafield tag="952" ind1=" " ind2=" ">
    <subfield code="0">0</subfield>
    <subfield code="1">0</subfield>
    <subfield code="2">ddc</subfield>
    <subfield code="5">1</subfield>
    <subfield code="7">0</subfield>
    <subfield code="8">PD</subfield>
    <subfield code="a">BNPHU</subfield>
    <subfield code="b">BNPHU</subfield>
    <subfield code="c">CT</subfield>
    <subfield code="d">2023-01-23</subfield>
    <subfield code="e">Dep&#xF3;sito Legal</subfield>
    <subfield code="l">0</subfield>
    <subfield code="o">BNPHU DS G943</subfield>
    <subfield code="p">2023-5885</subfield>
    <subfield code="r">2023-09-14</subfield>
    <subfield code="t">e. 3</subfield>
    <subfield code="w">2023-09-14</subfield>
    <subfield code="y">LBS1</subfield>
  </datafield>
  <datafield tag="952" ind1=" " ind2=" ">
    <subfield code="0">0</subfield>
    <subfield code="1">0</subfield>
    <subfield code="2">ddc</subfield>
    <subfield code="5">6</subfield>
    <subfield code="7">0</subfield>
    <subfield code="8">DS</subfield>
    <subfield code="a">BNPHU</subfield>
    <subfield code="b">BNPHU</subfield>
    <subfield code="c">CT</subfield>
    <subfield code="d">2025-09-04</subfield>
    <subfield code="e">Donaci&#xF3;n</subfield>
    <subfield code="l">0</subfield>
    <subfield code="o">BNPHU DS G943</subfield>
    <subfield code="p">2025-9512</subfield>
    <subfield code="r">2025-09-04</subfield>
    <subfield code="t">e.4</subfield>
    <subfield code="w">2025-09-04</subfield>
    <subfield code="y">LBS1</subfield>
  </datafield>
  <datafield tag="952" ind1=" " ind2=" ">
    <subfield code="0">0</subfield>
    <subfield code="1">0</subfield>
    <subfield code="2">ddc</subfield>
    <subfield code="5">6</subfield>
    <subfield code="7">0</subfield>
    <subfield code="8">DS</subfield>
    <subfield code="a">BNPHU</subfield>
    <subfield code="b">BNPHU</subfield>
    <subfield code="c">CT</subfield>
    <subfield code="d">2025-09-04</subfield>
    <subfield code="e">Donaci&#xF3;n</subfield>
    <subfield code="l">0</subfield>
    <subfield code="o">BNPHU DS G943</subfield>
    <subfield code="p">2025-9513</subfield>
    <subfield code="r">2025-09-04</subfield>
    <subfield code="t">e.5</subfield>
    <subfield code="w">2025-09-04</subfield>
    <subfield code="y">LBS1</subfield>
  </datafield>
  <datafield tag="999" ind1=" " ind2=" ">
    <subfield code="c">54748</subfield>
    <subfield code="d">54748</subfield>
  </datafield>
</record>
